Bilecik Bilecik Bilecik Bilecik Bilecik

Reformlar çağında Osmanlı İmparatorluğu : (Record no. 36329)

MARC details
000 -BAŞLIK
Sabit Uzunluktaki Kontrol Alanı 01480nam a22003857a 4500
001 - KONTROL NUMARASI
Control Dosyası 0036430
003 - KONTROL NUMARASI KİMLİĞİ
Kontrol Alanı KOHA_MİRAKIL
005 - EN SON İŞLEM TARİHİ ve ZAMANI
Kontrol Alanı 20260207003006.0
007 - FİZİKSEL TANIM SABİT ALAN - GENEL BİLGİ
Sabit uzunluklu kontrol alanı ta
008 - SABİT UZUNLUKTAKİ VERİ ÖGELERİ - GENEL BİLGİ
Sabit Alan 120430b2010 tu a|||gr||||#0|||0|tur |
020 ## - ISBN - ULUSLARARASI STANDART KİTAP NUMARASI
Isbn 9786053991038
Kullanılabilirlik koşulları 19,32
040 ## - KATALOGLAMA KAYNAĞI
Özgün Kataloglama Kurumu TR-BiSEU
Kataloglama Dili tur
Çeviri Kurumu TR-BiSEU
Açıklama Kuralları rda
041 0# - DİL KODU
Metin ya da ses kaydının dil kodu tur
044 ## - YAYINLAYAN/ÜRETEN KURULUŞUN ÜLKE KODU
ISO country code tu
050 ## - SINIFLAMA ve YER NUMARASI
Sınıflama Numarası DR557
Yer Numarası .M67 2010
100 1# - KİŞİ ADI
Yazar Adı (Kişi adı) Moreau, Odile.
245 1# - ESER ADI BİLDİRİMİ
Başlık Reformlar çağında Osmanlı İmparatorluğu :
Alt Eseradı vb. Askeri "yeni düzen"in insanları ve fikirleri 1826-1914/
Sorumluluk Bildirimi Odile Moreau ; Odile Moreau; çev. Işık Ergüden.
250 ## - BASIM BİLDİRİMİ
Basım Bildirimi 1st ed.
264 #1 - ÜRERİM, YAYIN, DAĞITIM ve TELİF BİLDİRİMİ
Yayın yeri İstanbul :
Yayınlayan İstanbul Bilgi Üniversitesi
Yayın tarihi 2010
300 ## - FİZİKSEL TANIMLAMA
Sayfa, Cilt vb. xiv, 288 p. :
Diğer fiziki detaylar hrt., res. ;
Boyutları 23 cm.
336 ## - İÇERİK TÜRÜ
Content type term metin
Content type code txt
Source rdacontent
337 ## - MEDYA TÜRÜ
Media type term aracısız
Media type code n
Source rdamedia
338 ## - TAŞIYICI TÜRÜ
Carrier type term cilt
Carrier type code nc
Source rdacarrier
490 1# - DİZİ BİLDİRİMİ
Dizi Bildirimi İstanbul Bilgi Üniversitesi Yayınları ;
Cilt Numarası 301.
490 1# - DİZİ BİLDİRİMİ
Dizi Bildirimi Tarih ;
Cilt Numarası 34.
500 ## - GENEL NOT
Genel Not Translation of: L'Empire ottoman à l'âge des réformes : les hommes et les idées du nouvel ordre militaire, 1826-1914.
500 ## - GENEL NOT
Genel Not Includes bibliographical references (p. [247]-277) and index.
650 #0 - KONU BAŞLIĞI EK GİRİŞ - KONU TERİMİ
Konusal terim veya coğrafi ad Turkey--History, Military--19th century.
9 (RLIN) 69008
650 #0 - KONU BAŞLIĞI EK GİRİŞ - KONU TERİMİ
Konusal terim veya coğrafi ad Turkey--History, Military--20th century.
9 (RLIN) 27703
650 #0 - KONU BAŞLIĞI EK GİRİŞ - KONU TERİMİ
Konusal terim veya coğrafi ad Turkey--Armed Forces--Reorganization.
9 (RLIN) 69009
830 1# - SERİ EK GİRİŞİ - TEKBİÇİM ESER ADI
Tekbiçim Başlık İstanbul Bilgi Üniversitesi Yayınları ;
Volume number/sequential designation 301.
9 (RLIN) 5644
830 1# - SERİ EK GİRİŞİ - TEKBİÇİM ESER ADI
Tekbiçim Başlık Tarih ;
Volume number/sequential designation 34.
9 (RLIN) 28787
907 ## - LOCAL DATA ELEMENT G, LDG (RLIN)
a Tarih
942 ## - EK GİRİŞ ÖGELERİ (KOHA)
Source of classification or shelving scheme Library of Congress Classification
Koha item type Book
Holdings
Materyal Türü Kalıcı Konum Mevcut Konum Raf Yeri Sınıflandırma Kaynağı Edinim Bilgisi Ana Konular Alt Konular Yer Numarası Demirbaş Numarası Fatura Tarihi Maliyet, Alış Fiyatı Maliyet, Yenileme Fiyatı Geri Çekilme Durumu Kayıp Durumu Hasarlı Durumu Kredi için değil Kayıt Tarih Toplam Ödünçverme Son Görülme Tarihi Son Kontrol Tarihi
Book Prof. Dr. Azmi Özcan Kütüphanesi Prof. Dr. Azmi Özcan Kütüphanesi Uluğbey Salonu Library of Congress Classification Satın DÜNYA TARİHİ (AVRUPA, ASYA, AFRİKA VB.) Balkan Yarımadası DR557 .M67 2010 0036430 23/07/2012 19.32 19.32         30/04/2012 1 05/12/2024 05/12/2024